Empresas Almerienses que facturan mas de 100 millones - Estadísticas

Estadísticas generales
  • Esta prueba ha sido intentada 10 veces
  • La puntuación promedio es 8 de 27
Estadísticas de respuestas
Millones de euros Empresa % Correcto
1.711 Cosentino
100%
241 CASI
43%
365 FJ Sánchez Sucesores
43%
295 Medgaz
43%
202 Transportes J.Carrión
43%
525 Unica
43%
157 Agroiris
29%
112 Agrupapulpí
29%
307 Alhóndiga La Unión
29%
126 Deretil
29%
104 Grupo Control
29%
158 Hortofrutícola Costa de Almería
29%
144 Hoteles Playa
29%
123 Indasol
29%
220 Murgiverde
29%
190 Primaflor
29%
148 Sotrafa
29%
276 Vicasol
29%
102 Cabasc
14%
120 Corporación Díaz Molina Balaguer
14%
151 Globomatik Informática
14%
340 Grupo Agroponiente
14%
143 Mabe
14%
144 Mikto Catal Importaciones
14%
104 Nature Choice
14%
107 Peregrín
14%
297 Suca
14%
No se encontraron pruebas coincidentes
Distribución de puntuación
Porcentaje de gente con cada puntuación
Porcentaje por número respondido
Historial de tus puntuaciones
No has intentado esta prueba.